01638nam a2200385 i 4500001000700000003000800007005001700015006001900032007001500051008004100066020002800107035002200135040003100157050002200188080000700210082001200217100004400229245017400273264003700447300004100484336003100525337003300556338004300589490007600632500002200708588008300730590016200813650003200975655002701007700004101034797001801075830007701093856006301170999001901233147256FINmELB20241217182223.0m o d | cr cnu||||||||231226s2023 sp o 001 0 spa d a9788411840132q(e-book) a(OCoLC)1418811500 aFINmELBbspaerdacFINmELB 4aJF1355bH557 2023 a3504a3512231 aHernández Bermejo, Francisco,eautor.10aMarco organizativo y normativo de las Administraciones Públicas y de la Unión Europea :bADGG0308 /cFrancisco Javier Hernández Bermejo, Alicia Jiménez García. 1aMálaga :bIC Editorial,c2023. a1 recurso en línea (217 páginas) atextobtxt2rdacontent/spa acomputadorabc2rdamedia/spa arecurso en líneabcr2rdacarrier/spa1 aADGG0308 - Asistencia documental y de gestión en despachos y oficinas aIncluye índice. aDescripción basada en metadatos suministrados por el editor y otras fuentes. aRecurso electrónico. Santa Fe, Arg.: elibro, 2024. Disponible vía World Wide Web. El acceso puede estar limitado para las bibliotecas afiliadas a elibro. 4aAdministración pública. 4aLibros electrónicos.1 aJiménez García, Alicia,eautora.2 aelibro, Corp. 0aADGG0308 - Asistencia documental y de gestión en despachos y oficinas.40uhttps://elibro.net/ereader/politecnicointernacional/246689 c147256d147256